000 00924nam a2200265 i 4500
001 189351
003 SpMaBN
005 20260525062938.0
008 190524s1945 ag |||| |bspa d
040 _cES-MaACL
080 _a929 Juana de Arco, Santa
100 1 _aWallon, Henri,
_d1812-1904
_9152274
_eaut
245 1 0 _aJuana de Arco /
_cH. Wallon ; [traducción de Antonio Portnoy].
250 _aPrimera edición popular para la Colección Austral.
260 _aBuenos Aires :
_bEspasa-Calpe,
_c1945.
300 _a232 páginas ;
_c18 cm.
490 1 _aColección Austral ;
_v539
600 0 7 _aJuana de Arco,
_cSanta
_9165346
655 0 _9176647
_aBiografías
830 1 _aColección austral
_v539
_9177655
852 _aES-MaACL
_jL-32350
_9196490
_cDEPO2
_xEncuadernación rústica con solapas
942 _cMONOGRAFIA
_n0
999 _c189351
_d189351